000 00327nam a2200145Ia 4500
008 230718s9999 xx 000 0 und d
041 _aEng.
082 _a349.5
_bGHA-I
100 _aGhandi,B M
245 0 _aInterpretation of status
260 _aPakistan
_birfan law
_c2013
300 _a213
650 _aLaw
999 _c30454
_d30454